মানসিংহ-ভবানন্দ উপাখ্যান / (Record no. 2778)
[ view plain ]
| 000 -LEADER | |
|---|---|
| fixed length control field | 01106nam a2200241 a 4500 |
| 003 - CONTROL NUMBER IDENTIFIER | |
| control field | BD-DhJNU |
| 005 - DATE AND TIME OF LATEST TRANSACTION | |
| control field | 20260511064611.0 |
| 008 - FIXED-LENGTH DATA ELEMENTS--GENERAL INFORMATION | |
| fixed length control field | 260508s2023 bg |||g |||| 000 1|ben|d |
| 020 ## - INTERNATIONAL STANDARD BOOK NUMBER | |
| International Standard Book Number | 9789844066492 |
| 040 ## - CATALOGING SOURCE | |
| Original cataloging agency | BD-DhJNU |
| Language of cataloging | ben |
| Transcribing agency | BD-DhJNU |
| Modifying agency | BD-DhJNU |
| 041 ## - LANGUAGE CODE | |
| Language code of text/sound track or separate title | ben |
| 082 ## - DEWEY DECIMAL CLASSIFICATION NUMBER | |
| Classification number | 891.441 MAN |
| Edition number | 23 |
| 245 10 - TITLE STATEMENT | |
| Title | মানসিংহ-ভবানন্দ উপাখ্যান / |
| Statement of responsibility, etc. | মুহম্মদ আবদুল হাই এবং আনোয়ার পাশা (সম্পাদনা) |
| 246 ## - VARYING FORM OF TITLE | |
| Title proper/short title | Mansingha-bhavananda upakhyan |
| 250 ## - EDITION STATEMENT | |
| Edition statement | 1st ed. |
| 260 ## - PUBLICATION, DISTRIBUTION, ETC. | |
| Place of publication, distribution, etc. | ঢাকা : |
| Name of publisher, distributor, etc. | মিসেস নূরজাহান, |
| Date of publication, distribution, etc. | 2023. |
| 300 ## - PHYSICAL DESCRIPTION | |
| Extent | ১৩৮ পৃ. : |
| Other physical details | চিত্র ; |
| Dimensions | ২২ সেমি.। |
| 504 ## - BIBLIOGRAPHY, ETC. NOTE | |
| Bibliography, etc. note | গ্রন্থপঞ্জিগত নির্দেশিকা ও নিঘন্ট অন্তভূক্ত |
| 650 ## - SUBJECT ADDED ENTRY--TOPICAL TERM | |
| Topical term or geographic name entry element | বাংলা কবিতা -- মধ্যযুগ |
| 650 ## - SUBJECT ADDED ENTRY--TOPICAL TERM | |
| Topical term or geographic name entry element | Bengali poetry -- Middle age |
| 700 a# - ADDED ENTRY--PERSONAL NAME | |
| Personal name | পাশা, আনোয়ার |
| Relator term | যুগ্ম-সম্পাদনা |
| 942 ## - ADDED ENTRY ELEMENTS (KOHA) | |
| Koha item type | Books |
| Withdrawn status | Lost status | Source of classification or shelving scheme | Damaged status | Not for loan | Collection | Home library | Current library | Shelving location | Date acquired | Source of acquisition | Total checkouts | Full call number | Barcode | Date last seen | Copy number | Price effective from | Koha item type |
|---|---|---|---|---|---|---|---|---|---|---|---|---|---|---|---|---|---|
| Dewey Decimal Classification | Non-fiction | Jagannath University Central Library | Jagannath University Central Library | General stacks | 05/11/2026 | Purchased | 891.441 MAN | JNUCL35539 | 05/11/2026 | 1 | 05/11/2026 | Books |